000 00813nam a22002057a 4500
005 20100731104330.0
010 _aENG-97488
020 _a9788190712378
_c700.00
035 _aEN-81021
037 _bDBAD/PUB
082 _a883.09
100 _aWakchaure, Suresh. D
_93362
245 _aPostmodernism and contemporary India english novel :
_b(a study of G. V. Desani and allan sealy) /
_cby Suresh. D. Wakchaure
260 _aKanpur
_bBhasker Publications
_c2009
270 _a73, Mangla Vihar-II, Behind Anoop Hospital
_bKanpur
_e208015
300 _a284p.
_c22cm (Hb)
650 _aEnglish litracy criticism
_93363
942 _2ddc
_cEN
_h883.09
_mWAK
999 _c38358
_d38358